Nummernschild-Detektiv: Welcher Landkreis gehört dazu? - Statistiken

Allgemein
  • Dieses Quiz wurde 152 mal gespielt
    116 seit der letzten Aktualisierung
  • Das Durchschnittsergebnis liegt bei 4 aus 14
Antwortstatistiken
Kennzeichen Landkreis % Korrekt
AB Aschaffenburg
100%
A Augsburg
100%
BAR Barnim
100%
BB Böblingen
100%
CE Celle
100%
CO Coburg
100%
COE Coesfeld
100%
EI Eichstätt
100%
EM Emmendingen
100%
FO Forchheim
100%
Fürth
100%
GI Gießen
100%
HDH Heidenheim
100%
HF Herford
100%
HX Höxter
100%
KL Kaiserslautern
100%
KS Kassel
100%
KN Konstanz
100%
KUS Kusel
100%
KYF Kyffhäuserkreis
100%
L Leipzig
100%
Lörrach
100%
LG Lüneburg
100%
M München
100%
PAF Pfaffenhofen an der Ilm
100%
REG Regen
100%
R Regensburg
100%
RT Reutlingen
100%
SIG Sigmaringen
100%
Tübingen
100%
WAF Warendorf
100%
WB Wittenberg
100%
Würzburg
100%
Z Zwickau
86%
CUX Cuxhaven
80%
LER Leer
80%
OS Osnabrück
75%
RV Ravensburg
75%
AZ Alzey-Worms
67%
AN Ansbach
67%
H Hannover
67%
HVL Havelland
67%
MTK Main-Taunus-Kreis
67%
RE Recklinghausen
67%
SÖM Sömmerda
67%
HZ Harz
60%
KU Kulmbach
60%
OA Oberallgäu
60%
STD Stade
60%
VIE Viersen
60%
DÜW Bad Dürkheim
50%
Börde
50%
ED Erding
50%
ES Esslingen
50%
FS Freising
50%
FFB Fürstenfeldbruck
50%
GER Germersheim
50%
GP Göppingen
50%
GS Goslar
50%
HK Heidekreis
50%
HSK Hochsauerlandkreis
50%
KLE Kleve
50%
LIP Lippe
50%
MSP Main-Spessart
50%
MK Märkischer Kreis
50%
MOS Neckar-Odenwald-Kreis
50%
OF Offenbach
50%
OL Oldenburg
50%
EMS Rhein-Lahn-Kreis
50%
RO Rosenheim
50%
RW Rottweil
50%
SO Soest
50%
TS Traunstein
50%
TUT Tuttlingen
50%
VG Vorpommern-Greifswald
50%
AP Weimarer Land
50%
AUR Aurich
40%
HAS Haßberge
40%
KA Karlsruhe
40%
SU Rhein-Sieg-Kreis
40%
LRO Rostock
40%
AW Ahrweiler
33%
BIR Birkenfeld
33%
BOR Borken
33%
CHA Cham
33%
COC Cochem-Zell
33%
DEG Deggendorf
33%
EL Emsland
33%
FDS Freudenstadt
33%
FRI Friesland
33%
FD Fulda
33%
GTH Gotha
33%
GRZ Greiz
33%
HE Helmstedt
33%
HI Hildesheim
33%
IK Ilm-Kreis
33%
LDK Lahn-Dill-Kreis
33%
LB Ludwigsburg
33%
MOL Märkisch-Oderland
33%
MEI Meißen
33%
OHV Oberhavel
33%
SK Saalekreis
33%
SOK Saale-Orla-Kreis
33%
SB Saarbrücken
33%
SHA Schwäbisch Hall
33%
TIR Tirschenreuth
33%
FN Bodenseekreis
25%
DLG Dillingen an der Donau
25%
GAP Garmisch-Partenkirchen
25%
Göttingen
25%
NOH Grafschaft Bentheim
25%
GZ Günzburg
25%
GT Gütersloh
25%
HO Hof
25%
KEH Kelheim
25%
MI Minden-Lübbecke
25%
NF Nordfriesland
25%
NWM Nordwestmecklenburg
25%
PE Peine
25%
HD Rhein-Neckar-Kreis
25%
SW Schweinfurt
25%
SE Segeberg
25%
VER Verden
25%
VB Vogelsbergkreis
25%
WW Westerwaldkreis
25%
BT Bayreuth
20%
HN Heilbronn
20%
KC Kronach
20%
PM Potsdam-Mittelmark
20%
MN Unterallgäu
20%
VEC Vechta
20%
HP Bergstraße
17%
MZ Mainz-Bingen
17%
SR Straubing-Bogen
17%
NK Neunkirchen
14%
AC Aachen
0%
AIC Aichach-Friedberg
0%
UL Alb-Donau-Kreis
0%
ABG Altenburger Land
0%
AK Altenkirchen (Westerwald)
0%
SAW Altmarkkreis Salzwedel
0%
Altötting
0%
AS Amberg-Sulzbach
0%
WST Ammerland
0%
ABI Anhalt-Bitterfeld
0%
KG Bad Kissingen
0%
KH Bad Kreuznach
0%
TÖL Bad Tölz-Wolfratshausen
0%
BA Bamberg
0%
BZ Bautzen
0%
BGL Berchtesgadener Land
0%
WIL Bernkastel-Wittlich
0%
BC Biberach
0%
FR Breisgau-Hochschwarzwald
0%
BLK Burgenlandkreis
0%
CW Calw
0%
CLP Cloppenburg
0%
DAH Dachau
0%
LDS Dahme-Spreewald
0%
DA Darmstadt-Dieburg
0%
DH Diepholz
0%
DGF Dingolfing-Landau
0%
HEI Dithmarschen
0%
DON Donau-Ries
0%
KIB Donnersbergkreis
0%
DN Düren
0%
EBE Ebersberg
0%
EIC Eichsfeld
0%
BIT Eifelkreis Bitburg-Prüm
0%
EE Elbe-Elster
0%
EN Ennepe-Ruhr-Kreis
0%
PF Enzkreis
0%
ERH Erlangen-Höchstadt
0%
ERZ Erzgebirgskreis
0%
EU Euskirchen
0%
FRG Freyung-Grafenau
0%
GF Gifhorn
0%
GR Görlitz
0%
GG Groß-Gerau
0%
HM Hameln-Pyrmont
0%
WL Harburg
0%
HS Heinsberg
0%
HEF Hersfeld-Rotenburg
0%
RZ Herzogtum Lauenburg
0%
HBN Hildburghausen
0%
HG Hochtaunuskreis
0%
KÜN Hohenlohekreis
0%
HOL Holzminden
0%
JL Jerichower Land
0%
KT Kitzingen
0%
LL Landsberg am Lech
0%
LA Landshut
0%
LIF Lichtenfels
0%
LM Limburg-Weilburg
0%
LI Lindau (Bodensee)
0%
DAN Lüchow-Dannenberg
0%
LUP Ludwigslust-Parchim
0%
MKK Main-Kinzig-Kreis
0%
TBB Main-Tauber-Kreis
0%
MSH Mansfeld-Südharz
0%
MR Marburg-Biedenkopf
0%
MYK Mayen-Koblenz
0%
MSE Mecklenburgische Seenplatte
0%
MZG Merzig-Wadern
0%
ME Mettmann
0%
MB Miesbach
0%
MIL Miltenberg
0%
FG Mittelsachsen
0%
Mühldorf am Inn
0%
ND Neuburg-Schrobenhausen
0%
NM Neumarkt in der Oberpfalz
0%
NEA Neustadt an der Aisch-Bad Windsheim
0%
NEW Neustadt an der Waldnaab
0%
NU Neu-Ulm
0%
NR Neuwied
0%
NI Nienburg/Weser
0%
NDH Nordhausen
0%
TDO Nordsachsen
0%
NOM Northeim
0%
LAU Nürnberger Land
0%
GM Oberbergischer Kreis
0%
OSL Oberspreewald-Lausitz
0%
ERB Odenwaldkreis
0%
LOS Oder-Spree
0%
OE Olpe
0%
OG Ortenaukreis
0%
AA Ostalbkreis
0%
OAL Ostallgäu
0%
OHZ Osterholz
0%
OH Ostholstein
0%
OPR Ostprignitz-Ruppin
0%
PB Paderborn
0%
PA Passau
0%
PI Pinneberg
0%
PLÖ Plön
0%
PR Prignitz
0%
RA Rastatt
0%
WN Rems-Murr-Kreis
0%
RD Rendsburg-Eckernförde
0%
BM Rhein-Erft-Kreis
0%
RÜD Rheingau-Taunus-Kreis
0%
SIM Rhein-Hunsrück-Kreis
0%
GL Rheinisch-Bergischer Kreis
0%
NE Rhein-Kreis Neuss
0%
RP Rhein-Pfalz-Kreis
0%
NES Rhön-Grabfeld
0%
ROW Rotenburg an der Wümme
0%
RH Roth
0%
PAN Rottal-Inn
0%
SHK Saale-Holzland-Kreis
0%
SLF Saalfeld-Rudolstadt
0%
SLS Saarlouis
0%
HOM Saarpfalz-Kreis
0%
PIR Sächsische Schweiz-Osterzgebirge
0%
SLK Salzlandkreis
0%
SHG Schaumburg
0%
SL Schleswig-Flensburg
0%
SM Schmalkalden-Meiningen
0%
HR Schwalm-Eder-Kreis
0%
SAD Schwandorf
0%
VS Schwarzwald-Baar-Kreis
0%
SI Siegen-Wittgenstein
0%
SON Sonneberg
0%
SPN Spree-Neiße
0%
STA Starnberg
0%
IZ Steinburg
0%
ST Steinfurt
0%
SDL Stendal
0%
OD Stormarn
0%
WND St. Wendel
0%
SÜW Südliche Weinstraße
0%
PS Südwestpfalz
0%
TF Teltow-Fläming
0%
TR Trier-Saarburg
0%
UM Uckermark
0%
UE Uelzen
0%
UN Unna
0%
UH Unstrut-Hainich-Kreis
0%
V Vogtlandkreis
0%
VR Vorpommern-Rügen
0%
DAU Vulkaneifel
0%
KB Waldeck-Frankenberg
0%
WT Waldshut
0%
WAK Wartburgkreis
0%
WM Weilheim-Schongau
0%
WUG Weißenburg-Gunzenhausen
0%
ESW Werra-Meißner-Kreis
0%
WES Wesel
0%
BRA Wesermarsch
0%
FB Wetteraukreis
0%
WTM Wittmund
0%
WF Wolfenbüttel
0%
WUN Wunsiedel im Fichtelgebirge
0%
BL Zollernalbkreis
0%
Keine übereinstimmenden Quizze gefunden
Verteilung der Resultate
Anzahl Personen mit jedem Resultat
Perzentil nach korrekt beantworteten Fragen
Ihre Resultats-Entwicklung
Sie haben dieses Quiz seit der letzten Aktualisierung nicht gespielt